| 000 | 00490nam a2200169Ia 4500 | ||
|---|---|---|---|
| 999 |
_c14421 _d14421 |
||
| 003 | OSt | ||
| 005 | 20201023112707.0 | ||
| 008 | 190216s9999||||xx |||||||||||||| ||und|| | ||
| 040 | _coclc | ||
| 082 |
_a823.7 _bAUS/S |
||
| 100 |
_aAusten, Jane _95436 |
||
| 245 | 0 |
_aSense And Sensibility / _cJane Austen |
|
| 260 |
_bLakshmi Narain Agarwal , _c1963. _aAgra: |
||
| 300 | _a248p | ||
| 650 | _aEnglish Novel-English Novel | ||
| 942 |
_cBK _2ddc _h823.7 _iAUS/S _k823.7 _mAUS/S |
||